Quinto congreso internacional de historia de América / (Record no. 15316)

000 -CABECERA
fixed length control field 01649nam a22002417a 4500
003 - IDENTIFICADOR DEL NÚMERO DE CONTROL
control field AR-CdUCM
008 - DATOS DE LONGITUD FIJA--INFORMACIÓN GENERAL
fixed length control field 190322b ||||| |||| 00| 0 spa d
040 ## - FUENTE DE LA CATALOGACIÓN
Agencia/entidad que catalogó originalmente la obra MUNICIPALIDAD PROVINCIAL DEL CUSCO
Entidad que transcribió la catalogación BIBLIOTECA MUNICIPAL DEL CUSCO
082 ## - NÚMERO DE LA CLASIFICACIÓN DECIMAL DEWEY
No. de Clasificación 985.008 /
Notacion interna C73
100 ## - ENTRADA PRINCIPAL--NOMBRE DE PERSONA
Nombre Personal Comisión nacional del Sesquicentenario de la Independencia del Perú
245 ## - MENCIÓN DE TÍTULO
Título Quinto congreso internacional de historia de América /
260 ## - PUBLICACIÓN, DISTRIBUCIÓN, ETC.
Lugar de publicación, distribución, etc. Lima :
Nombre de la editorial, distribuidor, etc. Comisión nacional del Sesquicentenario de la Independencia del Perú,
Fecha de publicación, distribución, etc. 1972.
300 ## - DESCRIPCIÓN FÍSICA
Nº de Páginas Extensión tomos ;
Dimensiones 24 cm.
440 ## - MENCIÓN DE SERIE/PUNTO DE ACCESO ADICIONAL--TÍTULO
Título Colección documental de la Independencia del Perú.
9 (RLIN) 23187
505 ## - NOTA DE CONTENIDO CON FORMATO
Nota de contenido formateada t.2: Tupac Amaru y la proyección de su pensamiento en Cadiz -- Levantamiento Tupacamarista 1783 -- El heroismo revolucionario de Micaela Bastidas --t.3: La política de gran Bretaña en el Rio de la Plata y su influencia en la revolución de Zela -- Carlos Pereyra y su pensamiento sobre la emncipación hispanoamericana -- El derecho de ciudadania aciva como reflejo de una ideologia emancipadora -- t.5: sesion compraratoria en el V concreso internacional de historia de America -- Tupac Amaru y la proyección de su pensamiento de Cadiz 1812 y Filadelfia -- El levantamiento Tupacamarista de 1783 t.4: Antonio de Andueza y Gregorio de Guinea -- Sin Bolivar y la division política de Perú -- Los peruanos al servicio de Venezuela...
650 ## - PUNTO DE ACCESO ADICIONAL DE MATERIA--TÉRMINO DE MATERIA
Descriptor Cortes
9 (RLIN) 23188
650 ## - PUNTO DE ACCESO ADICIONAL DE MATERIA--TÉRMINO DE MATERIA
Descriptor Intervenciones
9 (RLIN) 23189
650 ## - PUNTO DE ACCESO ADICIONAL DE MATERIA--TÉRMINO DE MATERIA
Descriptor independencia
9 (RLIN) 625
650 ## - PUNTO DE ACCESO ADICIONAL DE MATERIA--TÉRMINO DE MATERIA
Descriptor Colección
9 (RLIN) 2826
700 ## - PUNTO DE ACCESO ADICIONAL--NOMBRE DE PERSONA
Nombre Personal Durand Flórez, Guillermo (investigación, recopilación y prólogo)
9 (RLIN) 23190
942 ## - ELEMENTOS DE PUNTO DE ACCESO ADICIONAL (KOHA)
Fuente de clasificación
Tipo de item Libros-BMC
945 ## - PROCESAMIENTO DE INFORMACIÓN LOCAL (OCLC)
Catalogador wfj
Holdings
Estado de retiro (separado) Fuente de clasificación o esquema de estanterías Estado dañado Ubicación Sala donde se ubica Nombre de la colección Fecha de adquisición o compra Costo, precio normal en soles Signatura topográfica Código de Barras Última vez visto (Koha) Tipo de ítem (Koha)
No     Sala Cusco Antiguo Sala Cusco Antiguo Book Cart 2019-04-26 60.00 985.008 / C73 /t.2 SCA0003424 2019-04-26 Libros-BMC
No     Sala Cusco Antiguo Sala Cusco Antiguo Book Cart 2019-04-26 60.00 985.008 / C73 /t.4 SCA0003425 2019-04-26 Libros-BMC
No     Sala Cusco Antiguo Sala Cusco Antiguo Book Cart 2019-04-29 60.00 985.008 / C73 /t.3 SCA0003631 2019-04-29 Libros-BMC
No     Sala Cusco Antiguo Sala Cusco Antiguo Book Cart 2019-04-29 60.00 985.008 / C73 /t.5 SCA0003632 2019-04-29 Libros-BMC

Powered by Koha